000 00877nam a2200253 a 4500
999 _c2315
_d2315
003 ALUPE UNIVERSITY
005 20210708073719.0
008 910913s1992 enka b 001 0 eng d
020 _a0412435101 (t.p. verso)
020 _a0412387107 (on back cover)
040 _cALUPE UNIVERSITY
050 _aRA395
_b.G61 1992
092 _aD0401118871
245 0 0 _aIn the best of health? :
_bthe status and future of health care in the UK /
_cedited by Eric Beck ... [et al.].
260 _aLondon :
_bChapman & Hall,
_c1992.
300 _axix, 355 p. :
_bill. ;
_c22 cm.
504 _aIncludes bibliographical references (p. [326]-348) and index.
650 0 _aMedical policy
_zGreat Britain.
650 0 _aMedical care
_zGreat Britain.
700 1 _aBeck, Eric R.
942 _2lcc
_cBK
_nPW